| 000 | 01113njm a2200289Ia 4500 | ||
|---|---|---|---|
| 001 | 73796 | ||
| 003 | IT-RoPAU | ||
| 005 | 20220918181131.0 | ||
| 008 | 131025s9999 xx 000 0 und d | ||
| 040 | _aIT-RoPAU | ||
| 040 | _cIT-RoPAU | ||
| 999 |
_c100602 _d100602 |
||
| 999 | _bn.d. | ||
| 100 |
_aJarre Jean-Michel _925202 |
||
| 100 |
_eAutore musica _925203 |
||
| 100 |
_gCodice autore musica SPICS: 10957 _925204 |
||
| 245 | _aRevolutions (Lp 837 098) | ||
| 250 | _a1a ed. | ||
| 260 | _aGERMANY | ||
| 260 |
_bPOLYDOR _c1988 [1a Ed.:1988 - Ed. Lingua Orig.: 1988] |
||
| 300 | _aDISCO | ||
| 300 | _c41 minuti (Testo: 0 pag.) | ||
| 500 | _aMusica strumentale. September; A Tribute To Dulcie September, One of the Many South African Victims Dedicated To the Fight Against Apartheid. She Was Assassinated in Parison 29Th March 1988 | ||
| 505 | _aIndustrial Revolution - London Kid - Revolutions - Tokyo Kid - Computer Weekend - September - The Emigrant | ||
| 650 |
_aSTRUMENTALE [DISCHI] _eCodice MATERIA SPICS: 9950 _9828 |
||
| 700 |
_aJarre Jean-Michel _gCodice interprete SPICS: 10957 _eInterprete _925205 |
||
| 942 |
_cMD _2ddc |
||